[Event "Olympiad Women 2024"]
[Site "Budapest HUN"]
[Date "2024.09.20"]
[Round "9.36"]
[Board "4"]
[White "Terbe, Zsuzsanna"]
[Black "Abaeva, Aiana"]
[Result "1/2-1/2"]
[WhiteElo "2168"]
[BlackElo "1858"]
[PlyCount "56"]
[EventDate "2024.09.11"]
[WhiteTeam "Hungary B"]
[BlackTeam "Kyrgyzstan"]
[BlackTeamCountry "KGZ"]

1. d4 d5 2. c4 e6 3. Nc3 Nf6 4. cxd5 exd5 5. Bg5 Nbd7 6. e3 Be7 7. Bd3 O-O 8. Qc2 c6 9. Nge2 Re8 10. O-O Nf8 11. Rad1 g6 12. f3 Ne6 13. Bh4 b5 14. Kh1 Bb7 15. Bf2 a6 ({RR} 15... Rc8 16. Nf4 Nxf4 17. exf4 Bd6 18. Ne2 Nh5 19. f5 Qc7 20. g3 b4 21. Qd2 a5 22. Rfe1 Rcd8 23. Kg2 Bc8 24. Ng1 Ng7 25. fxg6 hxg6 26. Nh3 c5 27. g4 c4 28. Bb1 Ne6 29. Bh4 c3 30. bxc3 {½-½ Nepomniachtchi,I (2784)-Radjabov,T (2765) Airthings Masters KO rapid 2020 (1.11)}) ({RR} 15... Rc8 16. e4 b4 17. Na4 Qa5 18. e5 Nd7 19. f4 c5 20. Nxc5 Ndxc5 21. dxc5 Bxc5 22. Qb1 Bxf2 23. Rxf2 Qb6 24. Rf3 Nc5 25. Ng3 a5 26. Re1 Qc7 27. Qd1 Ne4 28. Bxe4 dxe4 29. Rfe3 Red8 30. Qg4 {0-1 Kristoferitsch,D (2246)-Kiss,A (2293) Hali Kupa IM 2024 (1.2)}) 16. a3 $146 ({RR} 16. e4 Rc8 17. e5 Nh5 18. Qd2 c5 19. dxc5 Bxc5 20. Bxc5 Nxc5 21. f4 d4 22. Nb1 Qd5 23. Rf3 Qxa2 24. Rh3 Qd5 25. Rg1 Red8 26. Rxh5 Nxd3 27. Qxd3 gxh5 28. Nd2 Kh8 29. Ng3 Rc1 30. Nf3 Rxg1+ {0-1 Paul,J (2364)-Lubbe,N (2431) GER-ch 37th Magdeburg 2019 (9)}) ({RR} 16. e4 Rc8 17. e5 Nh5 18. Qd2 Bg5 19. Be3 Bxe3 20. Qxe3 c5 21. f4 Qh4 22. Bb1 f6 23. dxc5 d4 24. Nxd4 Nexf4 25. c6 Rxc6 26. Nxc6 Bxc6 27. Be4 Rxe5 28. Rd8+ Kg7 29. Qa7+ Kh6 30. Qe3 Bxe4 {0-1 Luch,M (2394)-Brhel,J (2092) Olomouc GM 21st 2018 (1)}) ({RR} 16. e4 dxe4 17. fxe4 Ng4 18. Bg1 Bg5 19. e5 Ne3 20. Bxe3 Bxe3 21. Ne4 Bg5 22. Nd6 Re7 23. Be4 Qb6 24. Nxb7 Rxb7 25. Qxc6 Rab8 26. Qxb6 Rxb6 27. d5 Nc5 28. Bb1 Nd7 29. e6 fxe6 30. dxe6 Nc5 {1-0 Stefan,R (2151)-Acikel,M (2149) EU-ch Online U2300 Qual 2020 (5)}) 16... c5 17. dxc5 Bxc5 18. b4 Bb6 19. a4 bxa4 20. Nxa4 Rc8 21. Qb2 Bc7 22. b5 axb5 23. Bxb5 Rf8 24. Bh4 Qd6 25. Bg3 Qe7 26. Bh4 Qd6 27. Bg3 Qe7 28. Bh4 Qd6 1/2-1/2

[Event "Olympiad Women 2024"]
[Site "Budapest HUN"]
[Date "2024.09.20"]
[Round "9.37"]
[Board "1"]
[White "Serina Arafat"]
[Black "Wagener, Anna"]
[Result "0-1"]
[WhiteElo "1552"]
[BlackElo "2251"]
[PlyCount "56"]
[EventDate "2024.09.11"]
[WhiteTeam "Jordan"]
[BlackTeam "Luxembourg"]
[WhiteTeamCountry "JOR"]
[BlackTeamCountry "LUX"]

1. d4 f5 2. Nf3 Nf6 3. e3 g6 4. Bd3 Bg7 5. Nbd2 O-O 6. b3 ({RR} 6. O-O d6 7. e4 e6 8. Re1 Nc6 9. c3 Kh8 10. b4 a6 11. Rb1 Nh5 12. Nf1 f4 13. e5 dxe5 14. dxe5 Qe7 15. h3 Bd7 16. N1h2 Rad8 17. Qe2 Be8 18. Ng4 g5 19. a4 Rxd3 20. Qxd3 Bg6 {1-0 Grandelius,N (2651)-Christiansen,J (2612) NOR-SWE Online Blitz 2020 (10.2)}) 6... d6 7. Bb2 Nc6 8. a3 ({RR} 8. O-O Nb4 9. Qe2 Nxd3 10. Qxd3 c6 11. Rae1 Qc7 12. e4 f4 13. e5 Nd5 14. a3 Bf5 15. Ne4 Rad8 16. Nh4 dxe5 17. Nxf5 gxf5 18. Ng5 e4 19. Qh3 h6 20. Ne6 Qd6 21. Nxd8 Qxd8 22. c4 Nc7 {1-0 Mirza,D (1981)-Larina,M (1969) Titled Tue 21st May Early 2024 (3)}) 8... Kh8 $146 ({RR} 8... Qe8 9. Qe2 e5 10. dxe5 g5 11. h4 Nxe5 12. Rb1 h6 13. Nxe5 dxe5 14. Nf3 Qc6 15. Nxe5 {½-½ Leon Colan,C-Tormos Beltran,X (1983) Valencia Provincial Center 2009 (3.1)}) 9. O-O Qe8 10. Re1 e5 11. dxe5 dxe5 12. Bb5 e4 13. Ne5 Ng4 14. Bxc6 bxc6 15. Nec4 Bxb2 16. Nxb2 Qe5 17. h3 Qh2+ 18. Kf1 Qh1+ 19. Ke2 Qxg2 20. Rf1 Qxh3 21. Rh1 Qg2 22. Qf1 Qxf1+ 23. Rhxf1 Be6 24. Rh1 Rad8 25. Rad1 Kg7 26. Ndc4 Bd5 27. Na5 f4 28. c4 fxe3 0-1

[Event "Olympiad Women 2024"]
[Site "Budapest HUN"]
[Date "2024.09.20"]
[Round "9.37"]
[Board "2"]
[White "Steil-Antoni, Fiona"]
[Black "Jeda Helal"]
[Result "1-0"]
[WhiteElo "2085"]
[BlackElo "1569"]
[PlyCount "93"]
[EventDate "2024.09.11"]
[WhiteTeam "Luxembourg"]
[BlackTeam "Jordan"]
[WhiteTeamCountry "LUX"]
[BlackTeamCountry "JOR"]

1. f4 c6 2. Nf3 d5 3. e3 Nf6 4. Be2 g6 5. b3 Bg7 6. Bb2 O-O 7. O-O Nbd7 ({RR} 7... a5 8. a4 Na6 9. Qc1 Bg4 10. h3 Bxf3 11. Bxf3 Nb4 12. Bd4 Ne8 13. Bxg7 Nxg7 14. c3 Na6 15. d4 e6 16. Nd2 c5 17. Qe1 Rc8 18. Rc1 Qd6 19. Be2 Nb8 20. Qf2 cxd4 21. exd4 Nc6 22. Bb5 {½-½ Vaisser,A (2563)-Pinter,J (2562) FRA-chT Gp-B 2003 (6.3)}) 8. Qe1 ({RR} 8. d3 Ng4 9. Bxg7 Kxg7 10. Qd2 Qb6 11. d4 Ngf6 12. Nc3 c5 13. Ne5 cxd4 14. exd4 Rd8 15. Bf3 Nf8 16. Rad1 h5 17. g3 Bf5 18. Na4 Qc7 19. c4 Be4 20. Nc3 e6 21. c5 Bxf3 22. Rxf3 Ne4 {1-0 Fajdetic,H (2151)-Butti,E (1981) Titled Tue 1st Aug Early 2023 (9)}) 8... Re8 9. Qh4 Qc7 $146 ({RR} 9... Nf8 10. Ne5 Ne4 11. g4 f6 12. Nf3 Bxg4 13. d3 Bxf3 14. Rxf3 Nd6 15. Rh3 e5 16. Nd2 exf4 17. Qxf4 f5 18. Bxg7 Kxg7 19. Qh6+ Kg8 20. Nf3 Nf7 21. Qf4 Ne6 22. Qg3 Neg5 23. Nxg5 Qxg5 24. Qxg5 {0-1 Jilemnicka,S-Liebert,U Halle (Women) 01st 1967 (7)}) ({RR} 9... Nf8 10. h3 Ne4 11. Bxg7 Kxg7 12. d3 Nd6 13. Nbd2 Nf5 14. Qf2 Qb6 15. d4 c5 16. c3 Bd7 17. Rfd1 Rac8 18. e4 dxe4 19. Nxe4 cxd4 20. Nxd4 Nxd4 21. Rxd4 Bc6 22. Bc4 Bxe4 23. Rxe4 Qxf2+ 24. Kxf2 {½-½ Caizapanta,O-Baumhackel,M (2200) Hessen-chT 9697 1996}) 10. Kh1 e5 11. fxe5 Ne4 12. d4 f6 13. exf6 Ndxf6 14. Ne5 Qa5 15. a3 g5 16. Qe1 Qxe1 17. Rxe1 Nf2+ 18. Kg1 N2g4 19. Bxg4 Nxg4 20. Nxg4 Bxg4 21. Nd2 Re7 22. Nf3 Bxf3 23. gxf3 Rae8 24. Kf2 c5 25. Rab1 cxd4 26. Bxd4 Bxd4 27. exd4 Rxe1 28. Rxe1 Rxe1 29. Kxe1 b5 30. Kd2 Kf7 31. c4 bxc4 32. bxc4 dxc4 33. Kc3 Ke6 34. Kxc4 Kd6 35. a4 Kc6 36. d5+ Kd6 37. a5 a6 38. Kd4 h5 39. h3 Kd7 40. Ke5 Ke7 41. Kf5 g4 42. fxg4 hxg4 43. hxg4 Kd6 44. g5 Kxd5 45. g6 Kc5 46. g7 Kd4 47. g8=Q 1-0

[Event "Olympiad Women 2024"]
[Site "Budapest HUN"]
[Date "2024.09.20"]
[Round "9.37"]
[Board "3"]
[White "Boshra, Alshaeby"]
[Black "Bakalarz, Grazyna"]
[Result "0-1"]
[WhiteElo "1939"]
[BlackElo "1928"]
[PlyCount "88"]
[EventDate "2024.09.11"]
[WhiteTeam "Jordan"]
[BlackTeam "Luxembourg"]
[WhiteTeamCountry "JOR"]
[BlackTeamCountry "LUX"]

1. e4 e5 2. Nf3 Nf6 3. Nc3 Bb4 4. Nxe5 O-O 5. Be2 Qe7 6. Nd3 Bxc3 7. dxc3 Nxe4 8. O-O d5 $146 ({RR} 8... d6 9. Re1 Qd8 10. Bf3 Ng5 11. Bxg5 Qxg5 12. Qc1 Qf6 13. Qf4 Nd7 14. Rad1 Rb8 15. h3 c6 16. c4 Qxf4 17. Nxf4 Ne5 18. Rxd6 Nxc4 19. Rd4 Nb6 20. g4 g6 21. Kg2 Kg7 22. b3 Nd7 23. Nd3 {1-0 Yemelin,V (2550)-Ezden Jalol,I Arab Clubs-chT 5th 2003 (1)}) ({RR} 8... d6 9. Nf4 Nf6 10. c4 c6 11. b3 Nbd7 12. Ba3 Nc5 13. Bf3 Rd8 14. Re1 Qc7 15. Qd2 Ne6 16. Bb2 Nxf4 17. Qxf4 Ne8 18. Qd4 Be6 19. Qh4 Qe7 20. Rad1 f6 21. Rd3 Qf7 22. Bh5 g6 23. Rde3 {1-0 Ritter,U (2104)-Link,M (1931) Dortmund op-A 2003 (4)}) ({RR} 8... Nc6 9. Re1 Qf6 10. Nf4 d6 11. Bb5 Nc5 12. Nd5 Qd8 13. Bxc6 bxc6 14. Ne7+ Kh8 15. Nxc6 Qf6 16. Qd4 Qg6 17. Ne7 Qxc2 18. Bh6 f6 19. b4 Nd3 20. Red1 Qxf2+ 21. Qxf2 Nxf2 22. Bxg7+ Kxg7 23. Kxf2 {½-½ Boehnisch,M (2369)-Zoephel,H (2160) EU-chT Seniors 10th 2008 (6.1)}) 9. Re1 Nd7 10. Bf1 Qf6 11. f3 Nd6 12. Bf4 c6 13. Qd2 b6 14. b3 a5 15. Bg5 Qg6 16. Be7 Re8 17. Nf4 Qh6 18. h4 Rxe7 19. Rxe7 Qxh4 20. Rae1 Nf6 21. Nxd5 cxd5 22. Qe3 Be6 23. Rc7 Nf5 24. Qe5 Ne4 25. Rxe4 dxe4 26. fxe4 Ne3 27. g3 Qh6 28. Bb5 Ng4 29. Qd4 Qh2+ 30. Kf1 Qxg3 31. Rb7 Nh2+ 32. Ke2 Bg4+ 33. Kd2 Qf4+ 34. Kd3 Qf1+ 35. Ke3 Qf3+ 36. Kd2 Qd1+ 37. Ke3 Qe1+ 38. Kf4 Be6 39. Qxb6 Qh4+ 40. Ke3 Ng4+ 41. Ke2 Qh2+ 42. Kd1 h5 43. Re7 Nf2+ 44. Kc1 Qg1+ 0-1

[Event "Olympiad Women 2024"]
[Site "Budapest HUN"]
[Date "2024.09.20"]
[Round "9.37"]
[Board "4"]
[White "Kremer, Nadine"]
[Black "Ruba Al-Qudah"]
[Result "0-1"]
[WhiteElo "1898"]
[BlackElo "1937"]
[PlyCount "118"]
[EventDate "2024.09.11"]
[WhiteTeam "Luxembourg"]
[BlackTeam "Jordan"]
[WhiteTeamCountry "LUX"]
[BlackTeamCountry "JOR"]

1. e4 d6 2. d4 Nf6 3. Nc3 g6 4. Be3 c6 5. Qd2 b5 6. Bd3 Nbd7 7. Nf3 Qc7 8. O-O Bg7 9. Bh6 O-O 10. Rae1 e5 11. Bxg7 Kxg7 12. Ne2 Re8 13. Ng3 Nf8 $146 ({RR} 13... h6 14. c3 Nf8 15. Nh4 N8h7 16. f4 exd4 17. cxd4 Qb6 18. Bb1 Qd8 19. Nf3 Bg4 20. e5 dxe5 21. dxe5 Nh5 22. Nxh5+ Bxh5 23. Qc3 Bxf3 24. Rxf3 Qb6+ 25. Kh1 Rad8 26. Rff1 Rd4 27. f5 c5 28. Qg3 {1-0 Belikov,V (2485)-Shvyrjov,I (2367) Alushta2 1999 (1)}) ({RR} 13... h6 14. h4 Nb6 15. c3 Bg4 16. Nh2 Bd7 17. f4 Nc4 18. Bxc4 bxc4 19. f5 exd4 20. fxg6 fxg6 21. Qxd4 Re5 22. Qxc4 Qb6+ 23. Kh1 Be6 24. Qe2 Rf8 25. Nf3 Rb5 26. b3 c5 27. c4 Ra5 28. e5 {1-0 Mar,K (2093)-Schrefheere,A (1752) Cappelle Online Blitz op 2021 (3)}) 14. c4 bxc4 15. Bxc4 Ne6 16. dxe5 dxe5 17. Qc3 Nf4 18. Ng5 Re7 19. Rc1 Bb7 20. b4 h6 21. Nxf7 Rxf7 22. Bxf7 Kxf7 23. Rfd1 Kg7 24. Qc5 Re8 25. b5 Ba8 26. Rd6 Nd7 27. Qa3 h5 28. h4 Nb8 29. bxc6 Nxc6 30. Qc5 Re6 31. Rd2 Qf7 32. Rd6 Qf6 33. Rd7+ Kh6 34. Rcd1 Re7 35. R7d6 Ne6 36. Qe3+ Kg7 37. Rd7 Ncd4 38. Rxe7+ Qxe7 39. Nf5+ gxf5 40. exf5 Nxf5 41. Qxe5+ Kg6 42. Re1 Nfg7 43. f4 Qc5+ 44. Qxc5 Nxc5 45. Re5 Nge6 46. g3 Bf3 47. f5+ Kf6 48. Re3 Nd4 49. Ra3 a6 50. Ra5 Nd3 51. Rxa6+ Kxf5 52. Ra5+ Ke4 53. Rg5 Bg4 54. Kg2 Nf3 55. Rb5 Ke3 56. a4 Nfe1+ 57. Kh2 Kf2 58. a5 Nf3+ 59. Kh1 Bh3 0-1

[Event "Olympiad Women 2024"]
[Site "Budapest HUN"]
[Date "2024.09.20"]
[Round "9.38"]
[Board "1"]
[White "Ortiz Verdezoto, Anahi"]
[Black "Charinda, Kudzanayi"]
[Result "1-0"]
[WhiteElo "2229"]
[BlackElo "1854"]
[PlyCount "63"]
[EventDate "2024.09.11"]
[WhiteTeam "Ecuador"]
[BlackTeam "Zimbabwe"]
[WhiteTeamCountry "ECU"]
[BlackTeamCountry "ZIM"]

1. d4 Nf6 2. c4 e6 3. Nf3 Bb4+ 4. Nbd2 b6 5. e3 Bb7 6. a3 Be7 7. Bd3 ({RR} 7. Be2 O-O 8. O-O c5 9. Qc2 d5 10. dxc5 bxc5 11. b3 Nbd7 12. Bb2 Qb6 13. Rad1 Rfd8 14. Bd3 h6 15. cxd5 exd5 16. e4 dxe4 17. Nxe4 Rab8 18. Nfd2 Bxe4 19. Bxe4 Nxe4 20. Qxe4 Bf6 21. Bxf6 Nxf6 {½-½ Kravanja,G (2242)-Hellmayr,A (2158) TCh-AUT 2nd Mitte 2023-24 (10.5)}) 7... c5 8. O-O O-O $146 ({RR} 8... cxd4 9. Nxd4 O-O 10. b3 d5 11. Bb2 Nbd7 12. cxd5 Bxd5 13. Rc1 Rc8 14. Qe2 Rxc1 15. Rxc1 Nc5 16. Bc4 {½-½ Nguyen,H (2451)-Nguyen,V (2459) VIE-ch Da Lat 2011 (7)}) 9. b3 cxd4 10. exd4 d5 11. Bb2 Nc6 12. Rc1 Rc8 13. Qe2 h6 14. c5 a5 15. Rfe1 bxc5 16. dxc5 Nd7 17. Qe3 e5 18. Bf5 e4 19. Nd4 Bxc5 20. Rxc5 Nxc5 21. Bxc8 Qxc8 22. Nxc6 Qxc6 23. Rc1 Rc8 24. Bd4 Qb5 25. Rxc5 Rxc5 26. Bxc5 f5 27. Bd4 Qc6 28. Qg3 Qd7 29. Qe5 Ba6 30. b4 axb4 31. axb4 Kf8 32. h3 1-0

[Event "Olympiad Women 2024"]
[Site "Budapest HUN"]
[Date "2024.09.20"]
[Round "9.38"]
[Board "2"]
[White "Makwena, Christine"]
[Black "Vasquez Ramirez, Rocio"]
[Result "0-1"]
[WhiteElo "1860"]
[BlackElo "1981"]
[PlyCount "56"]
[EventDate "2024.09.11"]
[WhiteTeam "Zimbabwe"]
[BlackTeam "Ecuador"]
[WhiteTeamCountry "ZIM"]
[BlackTeamCountry "ECU"]

1. e4 c5 2. Nf3 a6 3. d4 cxd4 4. Nxd4 Nf6 5. Nc3 e5 6. Nf3 Nc6 7. a3 h6 ({RR} 7... Bc5 8. Bc4 d6 9. h3 Be6 10. Bd5 h6 11. O-O O-O 12. Qd3 Rc8 13. Be3 Bxe3 14. Qxe3 Bxd5 15. exd5 Ne7 16. Rfd1 Re8 17. Rd2 Nf5 18. Qa7 Qc7 19. Na4 Nd7 {0-1 Ajibowo,O (2168)-Pantsulaia,L (2581) Olympiad-41 Tromsoe 2014 (1.3)}) ({RR} 7... Bc5 8. Bc4 O-O 9. Bg5 d6 10. Nd5 Bxf2+ 11. Kf1 Ba7 12. Bxf6 gxf6 13. Nh4 Kh8 14. Qh5 Be6 15. Qh6 Bxd5 16. Bxd5 Nd4 17. Rd1 Rg8 18. Bxf7 Rg7 19. Ng6+ Rxg6 20. Bxg6 Qg8 21. Qxh7+ Qxh7 22. Bxh7 {0-1 Aristizabal Soto,D (1680)-Ruiz Jaraba,V (1916) 17th American Continental 2024 (4.107)}) 8. Bc4 d6 9. h3 Qc7 $146 ({RR} 9... Be6 10. Bd3 d5 11. exd5 Nxd5 12. Nxd5 Bxd5 13. Qe2 Bd6 14. Be4 Bxe4 15. Qxe4 O-O 16. O-O Kh8 17. Qh4 Nd4 18. Qe4 f5 19. Qxb7 Nxc2 20. Ra2 e4 21. Nd2 Nd4 22. Nc4 Ne2+ 23. Kh1 Nxc1 24. Rxc1 {0-1 Granados Ortiz,M (1652)-Granados Diaz,M (1844) NCA-ch (Women) 2019 (3)}) ({RR} 9... Be6 10. Qd3 b5 11. Bd5 Rc8 12. Be3 Qc7 13. O-O g5 14. Nh2 Be7 15. Rad1 Na5 16. Bxe6 fxe6 17. Nxb5 axb5 18. Qxb5+ Nd7 19. b3 O-O 20. Bd2 Nb7 21. Rc1 Nf6 22. Rfe1 Nc5 23. f3 Rb8 24. Qe2 {0-1 Kanzler,K-Morales Mendoza,L (2141) Pan American-ch U18 Girls 2005 (6)}) 10. Qd3 Be6 11. Bxe6 fxe6 12. Be3 d5 13. exd5 exd5 14. Qg6+ Qf7 15. Qxf7+ Kxf7 16. Bb6 d4 17. Na4 Rc8 18. Bc5 Nd7 19. Bxf8 Rhxf8 20. b3 Na5 21. Kd2 Rc6 22. Rhe1 Kf6 23. Re2 Rfc8 24. Ne1 Rxc2+ 25. Nxc2 Nxb3+ 26. Ke1 Nxa1 27. Nb4 Rc1+ 28. Kd2 Nb3+ 0-1

[Event "Olympiad Women 2024"]
[Site "Budapest HUN"]
[Date "2024.09.20"]
[Round "9.38"]
[Board "3"]
[White "Miranda Vargas, Analia Karen"]
[Black "Shaba, Linda Dalitso"]
[Result "0-1"]
[WhiteElo "1891"]
[BlackElo "1831"]
[PlyCount "82"]
[EventDate "2024.09.11"]
[WhiteTeam "Ecuador"]
[BlackTeam "Zimbabwe"]
[WhiteTeamCountry "ECU"]
[BlackTeamCountry "ZIM"]

1. e4 e5 2. Nf3 Nc6 3. Nc3 g6 4. d4 exd4 5. Nxd4 Bg7 6. Be3 Nge7 7. Qd2 d6 ({RR} 7... d5 8. Nxc6 bxc6 9. O-O-O Be6 10. Bd4 O-O 11. Bxg7 Kxg7 12. Qd4+ f6 13. Qc5 Qd7 14. Bc4 Rad8 15. Qxa7 Qd6 16. Bb3 Bf7 17. exd5 cxd5 18. Nb5 Qf4+ 19. Kb1 Rd7 20. Qc5 Nf5 21. g3 Qf3 22. Nxc7 {1-0 Nunn,J (2610)-Beliavsky,A (2655) Belgrade Investbank 1991}) 8. h4 ({RR} 8. Be2 Ne5 9. O-O-O Bd7 10. f3 N7c6 11. g4 a6 12. Rhg1 h6 13. f4 Nxd4 14. Bxd4 c5 15. Be3 Nc6 16. Qxd6 Bd4 17. Bxd4 cxd4 18. Nd5 f6 19. Nxf6+ Kf7 20. Bc4+ Kg7 21. Qxd7+ {1-0 Ronsin,C (1847)-Steiner,T (1897) 6th Bamberg Open 2024 (6.51)}) 8... h5 9. Be2 $146 ({RR} 9. O-O-O a6 10. Be2 Ne5 11. f3 b5 12. Nb3 Be6 13. Nd5 N7c6 14. Rdg1 Qd7 15. g4 Nc4 16. Bxc4 bxc4 17. Nd4 Rb8 18. gxh5 Rxh5 19. Rg5 Rh7 20. f4 Ne7 21. Nxe7 Kxe7 22. f5 gxf5 23. exf5 c5 {1-0 Kumor,L (2120)-Kowal,M (1826) Kolobrzeg op 10th 2009 (4)}) 9... Bd7 10. O-O-O Ne5 11. Bg5 f6 12. Bf4 N7c6 13. Nd5 O-O 14. f3 Nxd4 15. Qxd4 f5 16. Bg5 Qb8 17. Qe3 fxe4 18. Qxe4 c6 19. Ne7+ Kh7 20. f4 d5 21. Qa4 Ng4 22. Rde1 Nf2 23. Rhf1 Ne4 24. f5 gxf5 25. Bxh5 Qe5 26. Bg6+ Kh8 27. Qa3 Bf6 28. Nxf5 Bxg5+ 29. hxg5 Bxf5 30. Bxf5 Kg7 31. g4 Rh8 32. Bxe4 dxe4 33. Rf5 Qe6 34. Qb4 Rae8 35. Qxb7+ Re7 36. Rf6 Qe5 37. Qxc6 Qxg5+ 38. Kb1 Qxf6 39. Qc5 Qe5 40. Qe3 Rb8 41. b3 Rh8 0-1

[Event "Olympiad Women 2024"]
[Site "Budapest HUN"]
[Date "2024.09.20"]
[Round "9.38"]
[Board "4"]
[White "Zengeni, Tatenda Melisa"]
[Black "Guerrero Caicedo, Arlette"]
[Result "0-1"]
[WhiteElo "1732"]
[BlackElo "1868"]
[PlyCount "94"]
[EventDate "2024.09.11"]
[WhiteTeam "Zimbabwe"]
[BlackTeam "Ecuador"]
[WhiteTeamCountry "ZIM"]
[BlackTeamCountry "ECU"]

1. d4 Nf6 2. e3 g6 3. Bd3 d5 4. Nd2 Bg7 5. f4 O-O 6. Ngf3 c5 7. c3 b6 8. Ne5 ({RR} 8. Qe2 a5 9. a4 Ba6 10. O-O Qc8 11. e4 dxe4 12. Nxe4 Nxe4 13. Qxe4 Bb7 14. Qxe7 Nc6 15. Qh4 Qd8 16. f5 Qxh4 17. Nxh4 Bf6 18. fxg6 fxg6 19. Bh6 cxd4 20. Bc4+ Kh8 21. Bxf8 Rxf8 22. Nf3 dxc3 {1-0 Aigner,M (2261)-Bhat,V (2505) Sunnyvale LERA-ch 35th 2002 (4)}) 8... Bb7 ({RR} 8... Ba6 9. Qe2 Bxd3 10. Qxd3 Qc7 11. O-O Nbd7 12. Ndf3 Rad8 13. Bd2 Ne4 14. Be1 c4 15. Qc2 Bxe5 16. fxe5 f6 17. exf6 exf6 18. Nd2 Rde8 19. Rf4 Nxd2 20. Qxd2 Re6 21. g4 Rfe8 22. Bg3 Qc6 23. Rf3 {½-½ Sanudula,K (1876)-Hari,M (2386) DINI International 2024 (2.10)}) 9. Qf3 Nc6 10. O-O e6 $146 ({RR} 10... Qd6 11. b3 cxd4 12. exd4 Nd7 13. a4 Ndxe5 14. fxe5 Qd7 15. Ba3 f6 16. exf6 Rxf6 17. Qg3 e5 18. Rxf6 Bxf6 19. Rf1 Bg7 20. Be2 exd4 21. Bg4 Qe8 22. Re1 Qd8 23. Be6+ Kh8 24. Nf3 Bf6 25. c4 {1-0 Zilahi,G (1995)-Borda,L (2142) Budapest FS02 FM-A 2009 (5)}) 11. g4 Ne7 12. b3 Ne8 13. Qh3 Nd6 14. Qg2 Qc7 15. Bb2 Rac8 16. Rac1 Qd8 17. h4 Rc7 18. Rf2 Qc8 19. Bb1 cxd4 20. exd4 Nb5 21. Qg3 f6 22. a4 fxe5 23. axb5 exd4 24. c4 a6 25. Re1 axb5 26. cxb5 Qd7 27. Bd3 Qd6 28. Kg2 Bc8 29. h5 gxh5 30. gxh5 Kh8 31. Bxh7 Kxh7 32. Nf3 Bf6 33. Ng5+ Bxg5 34. fxg5 Qxg3+ 35. Kxg3 Rxf2 36. Kxf2 Rc2+ 37. Re2 Rxe2+ 38. Kxe2 e5 39. Kd2 Bd7 40. Ba3 Nf5 41. Bf8 Kg8 42. Ba3 Bxb5 43. g6 Kg7 44. Bb4 Be8 45. Kd3 Kh6 46. Bf8+ Kxh5 47. g7 Bf7 0-1

[Event "Olympiad Women 2024"]
[Site "Budapest HUN"]
[Date "2024.09.20"]
[Round "9.39"]
[Board "1"]
[White "Sakai, Azumi"]
[Black "Arakhamia-Grant, Ketevan"]
[Result "1-0"]
[WhiteElo "1871"]
[BlackElo "2263"]
[PlyCount "101"]
[EventDate "2024.09.11"]
[WhiteTeam "Japan"]
[BlackTeam "Scotland"]
[WhiteTeamCountry "JPN"]
[BlackTeamCountry "SCO"]

1. d4 Nf6 2. c4 c5 3. d5 e5 4. Nc3 d6 5. e4 Nbd7 6. Nf3 Be7 7. Bd3 Nf8 8. h3 Ng6 9. Ne2 ({RR} 9. g3 a6 10. Qc2 Rb8 11. h4 h5 12. Ng5 Ng4 13. f3 Nh6 14. Bd2 Bd7 15. Rb1 b5 16. cxb5 axb5 17. b4 c4 18. Be2 O-O 19. Qc1 f5 20. Ne6 Bxe6 21. dxe6 f4 22. Nd5 Kh7 23. gxf4 Bxh4+ {1-0 Cheparinov,I (2709)-Shulman,Y (2563) Reykjavik op 2013 (7)}) 9... Nh5 ({RR} 9... O-O 10. g4 h6 11. Ng3 Nh7 12. Nf5 a6 13. a4 Rb8 14. Bd2 Bf6 15. b4 Bxf5 16. exf5 {0-1 Schmid,B (2002)-Tiarks,J (2218) 6th Bamberg Open 2024 (7.20)}) 10. O-O $146 ({RR} 10. g3 O-O 11. Qc2 a6 12. a4 b6 13. Kf1 Bd7 14. Rb1 Qc8 15. Kg2 f5 16. exf5 Bxf5 17. Bxf5 Rxf5 18. Be3 Qf8 19. Nd2 Nhf4+ 20. Bxf4 exf4 21. g4 f3+ 22. Kh2 Re5 23. Ng3 Qf4 24. Nde4 Bh4 {0-1 Sorin,A (2502)-Pacheco,D (2262) Oz.com qual blitz 2000 (4)}) ({RR} 10. g3 Bd7 11. Be3 O-O 12. Qd2 a6 13. g4 Nhf4 14. Nxf4 Nxf4 15. Bxf4 exf4 16. Qxf4 Qb6 17. O-O Qxb2 18. Rab1 Qxa2 19. Rxb7 Rad8 20. e5 dxe5 21. Nxe5 Bd6 22. Qg5 Bxe5 23. Qxe5 g6 24. Qc3 Bc8 {1-0 Liedl,W (2230)-Rattinger,T (2255) AUT-ch Austria 1994 (7)}) ({RR} 10. Bd2 O-O 11. O-O f5 12. Ng3 Nxg3 13. fxg3 f4 14. g4 Bd7 15. a4 Nh4 16. Be1 Nxf3+ 17. Rxf3 Bh4 18. Bxh4 Qxh4 19. Qc2 h5 20. gxh5 Qxh5 21. Be2 Qh4 22. Rfa3 Rf6 23. Bf3 Raf8 24. Qf2 Qh7 {0-1 Djodj,G (1873)-Kostrun,S (2333) Krapina op 2011 (7)}) 10... O-O 11. a3 a5 12. b3 f5 13. Bd2 f4 14. b4 Nh4 15. Nxh4 Bxh4 16. Nd4 cxd4 17. Qxh5 f3 18. g3 Be7 19. Rfc1 Rf7 20. c5 g6 21. Qh6 Bf8 22. Qg5 Be7 23. Qh6 Bf8 24. Qg5 Qxg5 25. Bxg5 axb4 26. axb4 Rxa1 27. Rxa1 Bxh3 28. c6 bxc6 29. dxc6 d5 30. b5 Be6 31. b6 Bd6 32. Ra8+ Kg7 33. b7 dxe4 34. Bxe4 Bc4 35. b8=Q Bxb8 36. Rxb8 Ba6 37. Re8 h6 38. Bd2 Ra7 39. Bxf3 Kf6 40. Rd8 Bb5 41. Rb8 Ra1+ 42. Kh2 Ra2 43. Rxb5 Rxd2 44. Kg2 Rc2 45. Rb7 Kf5 46. Rf7+ Ke6 47. Rd7 h5 48. Bd5+ Kf5 49. Rf7+ Kg5 50. c7 d3 51. Be4 1-0

[Event "Olympiad Women 2024"]
[Site "Budapest HUN"]
[Date "2024.09.20"]
[Round "9.39"]
[Board "2"]
[White "Roy, Ali"]
[Black "Shibata, Misaki"]
[Result "1/2-1/2"]
[WhiteElo "1961"]
[BlackElo "1847"]
[PlyCount "71"]
[EventDate "2024.09.11"]
[WhiteTeam "Scotland"]
[BlackTeam "Japan"]
[WhiteTeamCountry "SCO"]
[BlackTeamCountry "JPN"]

1. Nf3 Nf6 2. g3 d5 3. Bg2 Bf5 4. d3 e6 5. O-O h6 6. Nbd2 Be7 7. Qe1 O-O 8. e4 Bh7 9. h3 ({RR} 9. Qe2 a5 10. Re1 Nc6 11. e5 Nd7 12. Nf1 b5 13. h4 b4 14. Bf4 a4 15. a3 bxa3 16. bxa3 Rb8 17. Qd2 Rb6 18. h5 Qa8 19. Ne3 Qa5 20. Qc1 Rfb8 21. Ng4 Rb2 22. Bxh6 gxh6 23. Nxh6+ Kg7 {1-0 Appel,R (2547)-Meier,G (2659) Bundesliga 1011 2010 (3.5)}) ({RR} 9. b3 c5 10. Bb2 Nc6 11. Qe2 Rc8 12. a3 b5 13. Rfe1 a5 14. c4 bxc4 15. bxc4 d4 16. Bc1 a4 17. h4 Rb8 18. Nf1 Na5 19. e5 Nd7 20. Bf4 Rb3 21. Red1 Qb6 22. N1h2 Rb2 23. Rd2 Rxd2 {0-1 Piorun,K (2599)-Golubovic,E (2096) Titled Tue 19th Mar Early 2024 (8)}) 9... c5 10. Nh2 Nc6 11. e5 $146 ({RR} 11. c3 d4 12. c4 e5 13. f4 Bd6 14. a3 a6 15. f5 b5 16. g4 Nd7 17. h4 Be7 18. Nhf3 f6 19. Qg3 Re8 20. b3 Kf8 21. Kf2 Bg8 22. Rg1 Qa5 23. g5 hxg5 24. hxg5 Qc3 25. Nh4 Qxa1 {½-½ Hehn,N (1854)-Klatt,M (1817) Baden-ch U20 2007 (2)}) ({RR} 11. c3 Qc7 12. f4 b5 13. g4 b4 14. f5 Bd6 15. Nhf3 Rae8 16. Qd1 bxc3 17. bxc3 c4 18. exd5 Nxd5 19. Nxc4 Nxc3 20. Qc2 Nd5 21. fxe6 Rxe6 22. Ng5 hxg5 23. Bxd5 Nb4 24. Qg2 Qc5+ 25. Kh1 Qxd5 {0-1 Werthebach,F (1673)-Juettner,A (2059) Hohenloher op 10th 2003 (6)}) 11... Nd7 12. f4 Rc8 13. Ndf3 b5 14. Qe2 Nb6 15. Ng4 c4 16. d4 Nb4 17. Ne3 a5 18. g4 a4 19. f5 c3 20. b3 Qd7 21. Ne1 axb3 22. axb3 Ra8 23. Rxa8 Rxa8 24. Nd3 Nc6 25. f6 Nxd4 26. Qf2 Bxd3 27. cxd3 gxf6 28. exf6 Bc5 29. Qh4 Ne2+ 30. Kh1 Bf8 31. g5 Ra1 32. Ng4 h5 33. Nh6+ Kh7 34. Ng4 Kg8 35. Nh6+ Kh7 36. Ng4 1/2-1/2